VÝKONNOSŤ EKONOMIKY A EKONOMICKÝ RAST

Bibliographic Details
Main Author: Lisý, Ján, 1950- (Author)
Format: Article
Language:Slovak
ISBN:8022509728

MARC

LEADER 00000naa a2200000uu 4500
001 vtls011090816
003 SK-MaSNL
005 20260302110142.0
008 210905|1998 xo |||||||||||||||||slo|
015 |a SNBRA 
035 |a (urnnbn)urn:nbn:sk:snk:ar-a0cq9q 
035 |a (uuid)8a1cf28e-6b13-48d1-934c-bccdbe18377d 
035 |a urn:nbn:sk:snk-aavw07 
040 |a SNKBUCL  |b slo  |c SNKBUCL  |e AACR2 
041 0 |a slo 
044 |a xo  |c SK 
100 1 |a Lisý, Ján,  |d 1950-  |4 aut  |9 216186 
245 1 0 |a VÝKONNOSŤ EKONOMIKY A EKONOMICKÝ RAST  |c Ján Lisý 
773 0 |t Transformácia ekonomiky, skúsenosti Slovenska a ďalších krajín strednej Európy  |d Bratislava : Ekonóm, 1998  |g S. 41-42  |z 8022509728 
958 |a OND 
958 |a article12 
958 |a chapter 
999 |c 1241985  |d 1243915